[Event "PRO League Group Stage"]
[Site "chess.com INT"]
[Date "2019.02.07"]
[Round "5"]
[White "Pantsulaia, Levan"]
[Black "Andreikin, Dmitry"]
[Result "0-1"]
[WhiteTitle "GM"]
[BlackTitle "GM"]
[WhiteElo "2597"]
[BlackElo "2725"]
[WhiteTeam "Tbilisi Gentlemen"]
[BlackTeam "Volga Stormbringers"]
[WhiteFideId "13602071"]
[BlackFideId "4158814"]
[EventDate "2019.01.08"]

1. Nf3 b6 2. g3 Bb7 3. Bg2 g6 4. O-O c5 5. c4 Bg7 6. Nc3 Nf6 7. b3 d5 8. cxd5
Nxd5 9. Bb2 O-O 10. Qc1 Nc7 11. Na4 e5 12. d3 Re8 13. Nc3 Nc6 14. Nd2 Rc8 15. a3
Qd7 16. Nc4 b5 17. Nd2 a6 18. Nde4 Ne6 19. Nd5 Qd8 20. e3 Na5 21. b4 Nb3 22. Qd1
Bxd5 23. Rb1 f5 24. Nc3 Bxg2 25. Kxg2 c4 26. dxc4 Nd2 0-1

[Event "PRO League Group Stage"]
[Site "chess.com INT"]
[Date "2019.02.07"]
[Round "5"]
[White "Jobava, Baadur"]
[Black "Frolyanov, Dmitry"]
[Result "1-0"]
[WhiteTitle "GM"]
[BlackTitle "GM"]
[WhiteElo "2629"]
[BlackElo "2517"]
[WhiteTeam "Tbilisi Gentlemen"]
[BlackTeam "Volga Stormbringers"]
[WhiteFideId "13601520"]
[BlackFideId "4151976"]
[EventDate "2019.01.08"]

1. d4 Nf6 2. c4 e6 3. Nc3 Bb4 4. e3 O-O 5. Bd3 d5 6. cxd5 exd5 7. Ne2 c5 8. O-O
Bg4 9. f3 cxd4 10. exd4 Bh5 11. Bg5 Be7 12. Nf4 Bg6 13. Bxg6 hxg6 14. Bxf6 Bxf6
15. Nfxd5 Nc6 16. Nxf6+ Qxf6 17. d5 Ne5 18. Rf2 Rfd8 19. Qe2 Rac8 20. Rd1 Nc4
21. d6 Rxd6 22. Nd5 Qd8 23. Ne7+ Qxe7 24. Qxe7 Rxd1+ 25. Rf1 Rd2 26. Rc1 Rxb2
27. Qd7 Rc6 28. Qd8+ Kh7 29. Qh4+ Kg8 30. Rxc4 Rb1+ 31. Kf2 Rb2+ 32. Kg3 1-0

[Event "PRO League Group Stage"]
[Site "chess.com INT"]
[Date "2019.02.07"]
[Round "5"]
[White "Bryakin, Mikhail"]
[Black "Volkov, Nika"]
[Result "1/2-1/2"]
[WhiteTitle "FM"]
[WhiteElo "2426"]
[BlackElo "2153"]
[WhiteTeam "Volga Stormbringers"]
[BlackTeam "Tbilisi Gentlemen"]
[WhiteFideId "4165314"]
[BlackFideId "13604376"]
[EventDate "2019.01.08"]

1. d4 d5 2. Nf3 e6 3. c4 c6 4. Qc2 Nf6 5. Nbd2 Bb4 6. a3 Ba5 7. b4 Bc7 8. Bb2
O-O 9. e4 dxe4 10. Nxe4 Nxe4 11. Qxe4 Nd7 12. Bd3 Nf6 13. Qe2 a5 14. O-O Qe7 15.
Bc3 Rd8 16. Ne5 Bd7 17. h3 Be8 18. Rfb1 Nd7 19. Qe4 f5 20. Qe2 Nxe5 21. dxe5 Bh5
22. Qc2 Qg5 23. Be2 Bg6 24. Rd1 f4 25. Qb2 axb4 26. axb4 Rxa1 27. Rxa1 Bd3 28.
Rd1 f3 29. Bxf3 Bxc4 30. Rxd8+ Qxd8 31. Bd4 Bd5 32. Bxd5 Qxd5 33. Qc3 b6 34. g3
c5 35. bxc5 bxc5 36. Bxc5 Bxe5 37. Qc2 Qc6 38. Qc4 Kf7 39. Qb4 Qf3 40. Qa4 Qd5
41. Be3 h6 42. Qa7+ Kg6 43. Qe7 Bd6 44. Qe8+ Kh7 45. Kh2 Bc5 46. Bxc5 Qxc5 47.
Qf7 Qf5 48. Qa7 Qf3 49. Kg1 Qd1+ 50. Kg2 Qd5+ 51. Kh2 Qf5 52. Qe3 Qd5 53. Qf4
Qf5 54. Qd4 Qf3 55. Kg1 Kh8 56. h4 Kh7 57. Kf1 Qc6 58. Ke2 Kh8 59. Ke3 Qc1+ 60.
Ke4 Qe1+ 61. Qe3 Qa5 62. Qd4 Qe1+ 63. Kf3 Qb1 64. Qe5 Qh1+ 65. Kf4 Qc1+ 66. Qe3
Qc4+ 67. Qe4 Qa2 68. Ke3 Qb3+ 69. Qd3 Qb6+ 70. Qd4 Qb3+ 71. Ke4 Qb5 72. Ke3 Qb3+
73. Kf4 Qb5 74. g4 Qe2 75. Qe3 Qc4+ 76. Qe4 Qc1+ 77. Ke5 Qc5+ 78. Kxe6 Qxf2 79.
Qa8+ Kh7 80. Qe4+ Kh8 81. g5 Qf8 82. Qc6 Qd8 83. Kf7 Qg8+ 84. Ke7 Qb8 85. gxh6
Qe5+ 86. Kd7 Qd4+ 87. Kc8 Qg4+ 88. Kb7 Qxh4 89. hxg7+ Kxg7 90. Qc7+ Kg6 91. Qc6+
Kg5 92. Qc7 Qe4+ 93. Qc6 Qb1+ 94. Qb6 Qh7+ 95. Qc7 Kg6 96. Qxh7+ Kxh7 1/2-1/2

[Event "PRO League Group Stage"]
[Site "chess.com INT"]
[Date "2019.02.07"]
[Round "5"]
[White "Ivlev, Aleksey"]
[Black "Paichadze, Luka"]
[Result "0-1"]
[WhiteTitle "FM"]
[BlackTitle "GM"]
[WhiteElo "2326"]
[BlackElo "2583"]
[WhiteTeam "Volga Stormbringers"]
[BlackTeam "Tbilisi Gentlemen"]
[WhiteFideId "24185949"]
[BlackFideId "13602934"]
[EventDate "2019.01.08"]

1. d4 Nf6 2. c4 e6 3. g3 Bb4+ 4. Nd2 O-O 5. Nf3 b6 6. Bg2 Bb7 7. O-O a5 8. a3
Bxd2 9. Qxd2 a4 10. Qc2 Be4 11. Qc3 d6 12. Bg5 Nbd7 13. Rad1 Qc8 14. Bh3 Qb7 15.
Nd2 Bc6 16. f3 b5 17. e4 bxc4 18. Nxc4 Bb5 19. Rf2 Bxc4 20. Qxc4 d5 21. exd5
Nxd5 22. Rc2 Rfc8 23. Rdc1 c5 24. Qd3 h6 25. Bd2 c4 26. Rxc4 Rxc4 27. Rxc4 Qxb2
28. Qc2 Qxa3 29. f4 N7b6 30. Rc6 Qa1+ 31. Kg2 Qxd4 32. f5 e5 33. f6 Nxf6 34. Bf5
a3 35. Bc1 Nfd5 36. Kh3 Nb4 37. Qg2 Nxc6 38. Qxc6 a2 0-1

[Event "PRO League Group Stage"]
[Site "chess.com INT"]
[Date "2019.02.07"]
[Round "5"]
[White "Afanasiev, Nikita"]
[Black "Meshkovs, Nikita"]
[Result "0-1"]
[WhiteTitle "FM"]
[BlackTitle "GM"]
[WhiteElo "2508"]
[BlackElo "2557"]
[WhiteTeam "Moscow Phoenix"]
[BlackTeam "Estonia Horses"]
[WhiteFideId "24183555"]
[BlackFideId "11602740"]
[EventDate "2019.01.08"]

1. d4 Nf6 2. Nf3 e6 3. c4 d5 4. Nc3 Bb4 5. Bg5 dxc4 6. Qa4+ Nc6 7. e3 h6 8. Bxf6
Qxf6 9. Bxc4 Bd7 10. Qc2 O-O 11. O-O a6 12. Ne4 Qe7 13. a3 Bd6 14. Rac1 e5 15.
Nxd6 cxd6 16. Rfd1 Rac8 17. Qd2 Bg4 18. Be2 exd4 19. exd4 Rfe8 20. Re1 Qf6 21.
d5 Bxf3 22. Bxf3 Nd4 23. Bg4 Rxc1 24. Qxc1 Rxe1+ 25. Qxe1 g6 26. Bc8 Qg5 27. Qd1
Nf3+ 28. Kh1 Ne5 29. g3 Qd8 30. Qc2 Qb6 31. Kg2 Qb5 32. Qd2 Nc4 33. Qxh6 Qxd5+
34. Kh3 Nxb2 35. Qf4 Nd3 36. Qf6 a5 37. Bg4 b5 38. Be2 b4 39. axb4 axb4 40. f4
b3 41. Kh4 Qg2 42. Qd8+ Kg7 43. Qe7 Qxh2+ 44. Kg5 Qxg3+ 45. Bg4 Qxf4+ 46. Kh4
Qh2+ 47. Bh3 Qf2+ 48. Kg4 Qf4# 0-1

[Event "PRO League Group Stage"]
[Site "chess.com INT"]
[Date "2019.02.07"]
[Round "5"]
[White "Kryakvin, Dmitry"]
[Black "Ehlvest, Jaan"]
[Result "1-0"]
[WhiteTitle "GM"]
[BlackTitle "GM"]
[WhiteElo "2588"]
[BlackElo "2521"]
[WhiteTeam "Moscow Phoenix"]
[BlackTeam "Estonia Horses"]
[WhiteFideId "4153278"]
[BlackFideId "4500016"]
[EventDate "2019.01.08"]

1. d4 Nf6 2. Bg5 Ne4 3. Bf4 d5 4. e3 c5 5. Bd3 Nf6 6. Nc3 a6 7. dxc5 Nc6 8. Nf3
Bg4 9. Be2 e6 10. Na4 Nd7 11. O-O Nxc5 12. Nxc5 Bxc5 13. h3 Bh5 14. Ne5 Bxe2 15.
Qxe2 Rc8 16. Rfd1 Qf6 17. Nd3 Be7 18. c3 e5 19. Bg3 O-O 20. e4 dxe4 21. Qxe4 Bd6
22. Re1 Qe7 23. Rad1 Rfe8 24. f4 exf4 25. Qxe7 Rxe7 26. Rxe7 Bxe7 27. Nxf4 Rd8
28. Nd5 Kf8 29. Kf1 Bd6 30. Bf2 f6 31. c4 Be5 32. b3 Kf7 33. Ke2 h5 34. a4 Ne7
35. Nxe7 Rxd1 36. Kxd1 Kxe7 37. b4 Ke6 38. b5 f5 39. h4 Bf6 40. Kc2 g6 41. Kb3
Kd6 42. Kb4 axb5 43. cxb5 g5 44. hxg5 Bxg5 45. Kc4 Bf6 46. Bc5+ Kd7 47. Kd5 Bg7
48. a5 Bc3 49. Bb6 h4 50. a6 bxa6 51. bxa6 Kc8 52. Ke6 f4 53. Kf5 f3 54. gxf3 h3
55. Bg1 Bd4 56. Bh2 Kd7 57. Kg4 Kc6 58. Kxh3 Kb6 59. Kg4 Kxa6 60. f4 Kb7 61. Kf5
Kc6 62. Ke6 Be3 63. f5 Bg5 64. Bd6 Bh4 65. Be7 Bf2 66. f6 Bd4 67. f7 Bg7 68. Kf5
Kd7 69. Kg6 Bd4 70. f8=Q 1-0

[Event "PRO League Group Stage"]
[Site "chess.com INT"]
[Date "2019.02.07"]
[Round "5"]
[White "Burg, Twan"]
[Black "Savitskiy, Sergey"]
[Result "0-1"]
[WhiteTitle "GM"]
[BlackTitle "IM"]
[WhiteElo "2514"]
[BlackElo "2411"]
[WhiteTeam "Estonia Horses"]
[BlackTeam "Moscow Phoenix"]
[WhiteFideId "1010697"]
[BlackFideId "24105660"]
[EventDate "2019.01.08"]

1. d4 Nf6 2. Nf3 g6 3. g3 Bg7 4. Bg2 O-O 5. c4 d6 6. Nc3 Nc6 7. O-O Bf5 8. Ne1
e5 9. d5 Ne7 10. e4 Bd7 11. Nd3 Ne8 12. a4 f5 13. f4 exf4 14. Bxf4 fxe4 15. Nxe4
Nf5 16. Qd2 Nf6 17. Kh1 Nxe4 18. Bxe4 Qf6 19. Rae1 Rae8 20. b3 h6 21. Qg2 Qd4
22. Nc1 g5 23. Bd2 Rxe4 24. Rxe4 Nxg3+ 25. hxg3 Rxf1+ 26. Qxf1 Qxe4+ 27. Qg2 Qg4
28. Be3 Bf5 29. Kg1 Be4 30. Qf2 Be5 31. Ne2 h5 32. Bd4 Bxd4 33. Nxd4 Qd1+ 34.
Kh2 Qh1# 0-1

[Event "PRO League Group Stage"]
[Site "chess.com INT"]
[Date "2019.02.07"]
[Round "5"]
[White "Narva, Mai"]
[Black "Zakhartsov, Vladimir"]
[Result "0-1"]
[WhiteTitle "WIM"]
[BlackTitle "IM"]
[WhiteElo "2347"]
[BlackElo "2483"]
[WhiteTeam "Estonia Horses"]
[BlackTeam "Moscow Phoenix"]
[WhiteFideId "4500512"]
[BlackFideId "4145097"]
[EventDate "2019.01.08"]

1. e4 c5 2. Nf3 d6 3. Bb5+ Nd7 4. O-O Nf6 5. Re1 a6 6. Bf1 Ne5 7. h3 g6 8. c3
Bg7 9. d4 Nxf3+ 10. Qxf3 Nd7 11. Be3 Qb6 12. dxc5 Qxb2 13. Nd2 dxc5 14. Rec1 Qb6
15. Nc4 Qc6 16. Bd3 b5 17. Nd2 Ne5 18. Qe2 Nxd3 19. Qxd3 O-O 20. Nf3 Bb7 21. e5
Bxe5 22. Rab1 Bg7 23. c4 b4 24. h4 Rac8 25. h5 Qe4 26. Rb3 Rfd8 27. Qxe4 Bxe4
28. hxg6 hxg6 29. Bg5 Rd7 30. Re1 Bxf3 31. Rxf3 e6 32. Be3 a5 33. g3 a4 34. Kg2
Rd3 35. Rb1 b3 36. axb3 a3 37. Bh6 a2 38. Rh1 Rxf3 39. Bxg7 Rxf2+ 40. Kxf2 Kxg7
41. Ra1 Ra8 42. Ke3 Ra3 43. Kf4 Kf6 44. g4 g5+ 45. Ke4 Ke7 0-1

[Event "PRO League Group Stage"]
[Site "chess.com INT"]
[Date "2019.02.07"]
[Round "5"]
[White "Adhiban, Baskaran"]
[Black "Harikrishna, Pentala"]
[Result "1-0"]
[WhiteTitle "GM"]
[BlackTitle "GM"]
[WhiteElo "2689"]
[BlackElo "2730"]
[WhiteTeam "Mumbai Movers"]
[BlackTeam "Delhi Dynamite"]
[WhiteFideId "5018471"]
[BlackFideId "5007003"]
[EventDate "2019.01.08"]

1. e4 e5 2. Nf3 Nc6 3. Bc4 Nf6 4. Ng5 d5 5. exd5 Na5 6. Bb5+ c6 7. dxc6 bxc6 8.
Be2 h6 9. Nh3 Bc5 10. d3 Bxh3 11. gxh3 Nd5 12. O-O Qh4 13. Bf3 Qxh3 14. Bg2 Qh4
15. Nd2 O-O 16. Ne4 Bb6 17. c4 Nf4 18. Bxf4 Qxf4 19. b4 Nb7 20. c5 Bc7 21. Qf3
Qxf3 22. Bxf3 Rab8 23. Rab1 Nd8 24. Nc3 f5 25. b5 Ba5 26. bxc6 Rc8 27. Bd5+ Kh7
28. Nb5 Nxc6 29. Nd6 Rc7 30. Nb5 Rcc8 31. Nd6 Rc7 32. Rfc1 Bd2 33. Rc4 Ne7 34.
Bg2 Rd8 35. Nb5 Rcd7 36. d4 a6 37. Nd6 e4 38. Bh3 g6 39. Nxe4 fxe4 40. Bxd7 Rxd7
41. c6 Rc7 42. d5 Bf4 43. Rxe4 g5 44. Rxf4 gxf4 45. d6 Rxc6 46. dxe7 Rg6+ 47.
Kf1 Rg8 48. Re1 Re8 49. Kg2 Kg6 50. Kf3 Kf5 51. h4 a5 52. a4 1-0

[Event "PRO League Group Stage"]
[Site "chess.com INT"]
[Date "2019.02.07"]
[Round "5"]
[White "Mohammad, Nubairshah Shaikh"]
[Black "Gupta, Abhijeet"]
[Result "0-1"]
[WhiteTitle "IM"]
[BlackTitle "GM"]
[WhiteElo "2437"]
[BlackElo "2581"]
[WhiteTeam "Mumbai Movers"]
[BlackTeam "Delhi Dynamite"]
[WhiteFideId "5053196"]
[BlackFideId "5010608"]
[EventDate "2019.01.08"]

1. d4 Nf6 2. c4 g6 3. Nc3 d5 4. Bf4 Bg7 5. e3 O-O 6. Qb3 c6 7. Nf3 dxc4 8. Bxc4
b5 9. Be2 Be6 10. Qc2 Nbd7 11. Ng5 Bc4 12. Bxc4 bxc4 13. O-O Nd5 14. Bg3 e5 15.
Nf3 exd4 16. exd4 Nb4 17. Qd2 Nb6 18. Rad1 Re8 19. Be5 f6 20. Bg3 Qd7 21. a3
N4d5 22. Rfe1 Qf5 23. Bd6 Rad8 24. Rxe8+ Rxe8 25. Re1 Rxe1+ 26. Qxe1 Kf7 27. h3
Qe6 28. Ne4 Kg8 29. Bc5 h6 30. Kf1 Na4 31. Nfd2 Nxb2 32. Qc1 c3 33. Nxc3 Nd3 34.
Qb1 Nxc5 35. Nxd5 Qxd5 36. Nf3 Qb3 37. Qxg6 Qd3+ 38. Qxd3 Nxd3 39. g3 Bf8 40. a4
Nb2 41. a5 Kf7 42. Nd2 Bb4 43. Nb3 Ke6 44. Ke2 Kd5 45. Ke3 Nc4+ 46. Kf4 Nxa5 47.
Nc1 Bd2+ 48. Kf5 Bxc1 49. Kxf6 Nb3 50. f4 a5 51. f5 Nxd4 52. Kg6 Nxf5 53. Kxf5
a4 0-1

[Event "PRO League Group Stage"]
[Site "chess.com INT"]
[Date "2019.02.07"]
[Round "5"]
[White "Vaibhav, Suri"]
[Black "Sadhwani, Raunak"]
[Result "1/2-1/2"]
[WhiteTitle "GM"]
[BlackTitle "IM"]
[WhiteElo "2590"]
[BlackElo "2451"]
[WhiteTeam "Delhi Dynamite"]
[BlackTeam "Mumbai Movers"]
[WhiteFideId "5045185"]
[BlackFideId "35093487"]
[EventDate "2019.01.08"]

1. c4 Nf6 2. Nc3 g6 3. g3 Bg7 4. Bg2 O-O 5. e3 c6 6. Nge2 d5 7. cxd5 cxd5 8. d4
Nc6 9. Nf4 e6 10. O-O b6 11. b3 Ba6 12. Re1 Rc8 13. Bb2 Ne8 14. Rc1 Nd6 15. Bf1
Bxf1 16. Rxf1 Qd7 17. Qe2 Rc7 18. Ba3 Rcc8 19. Rc2 Rfd8 20. Rfc1 Bxd4 21. Bxd6
Bxc3 22. Ba3 d4 23. Qb5 e5 24. Ne2 a6 25. Qd3 Qg4 26. Nxc3 dxc3 27. Qxa6 Ra8 28.
Qxb6 Rd1+ 29. Kg2 Rxc1 30. Rxc1 Qe4+ 31. f3 Qd5 32. Qc5 Qxc5 33. Bxc5 Rxa2+ 34.
Kh3 c2 35. b4 Rb2 36. Kg2 f6 37. Kf2 Nxb4 38. Bxb4 Rxb4 39. Rxc2 Rb7 40. g4 Kg7
41. Kg3 h6 42. h4 Rd7 43. e4 g5 44. h5 Rb7 45. Kf2 Ra7 46. Ke3 Ra3+ 47. Kf2 Ra7
48. Kg3 Rb7 49. Rd2 Rc7 50. Kf2 Ra7 51. Ke2 Rb7 52. Rd3 Rb2+ 53. Ke3 Rb7 54. Rd2
Rb3+ 55. Rd3 Rb7 56. Rc3 Rd7 57. Rd3 Rb7 1/2-1/2

[Event "PRO League Group Stage"]
[Site "chess.com INT"]
[Date "2019.02.07"]
[Round "5"]
[White "Tarini, Goyal"]
[Black "Raja, Harshit"]
[Result "0-1"]
[WhiteTitle "WFM"]
[BlackTitle "IM"]
[WhiteElo "2150"]
[BlackElo "2432"]
[WhiteTeam "Delhi Dynamite"]
[BlackTeam "Mumbai Movers"]
[WhiteFideId "5082749"]
[BlackFideId "5089000"]
[EventDate "2019.01.08"]

1. d4 Nf6 2. c4 e6 3. g3 d5 4. Nf3 Be7 5. Bg2 O-O 6. O-O dxc4 7. Qa4 a6 8. Qxc4
b5 9. Qc2 Bb7 10. Bd2 Ra7 11. Rd1 Nc6 12. a3 Qa8 13. Bc3 a5 14. b3 Rd8 15. Bb2
Ra6 16. Nbd2 h6 17. Rac1 Qa7 18. Qb1 Bf8 19. e3 Ba8 20. Bf1 Rb6 21. Ne5 Nxe5 22.
dxe5 Qb7 23. f3 Ng4 24. Bd4 Bxa3 25. Rc2 c5 26. e4 Rxd4 27. fxg4 Qd7 28. Qa1 Bb4
29. Qa2 Rb8 30. Kf2 Rd8 31. Ke1 Bxe4 32. Rb2 Bf3 0-1

[Event "PRO League Group Stage"]
[Site "chess.com INT"]
[Date "2019.02.07"]
[Round "5"]
[White "Andriasian, Zaven"]
[Black "Sjugirov, Sanan"]
[Result "1-0"]
[WhiteTitle "GM"]
[BlackTitle "GM"]
[WhiteElo "2604"]
[BlackElo "2663"]
[WhiteTeam "Armenia Eagles"]
[BlackTeam "Moscow Wizards"]
[WhiteFideId "13302000"]
[BlackFideId "4189302"]
[EventDate "2019.01.08"]

1. e4 c5 2. Nf3 d6 3. d4 cxd4 4. Nxd4 Nf6 5. Nc3 a6 6. Be3 e5 7. Nf3 Qc7 8. a4
Be7 9. a5 O-O 10. Be2 h6 11. O-O Be6 12. Nd5 Nxd5 13. exd5 Bg4 14. Bb6 Qc8 15.
Ra4 Bxf3 16. Bxf3 Nd7 17. Be3 f5 18. Be2 Bg5 19. Bd2 Bxd2 20. Qxd2 Qd8 21. Qb4
Nc5 22. Ra3 Rc8 23. c4 e4 24. f4 exf3 25. Raxf3 Qg5 26. Bd3 f4 27. Qd2 Rf6 28.
b4 Nd7 29. Rxf4 Ne5 30. h4 Qg3 31. Rxf6 gxf6 32. Bf5 1-0

[Event "PRO League Group Stage"]
[Site "chess.com INT"]
[Date "2019.02.07"]
[Round "5"]
[White "Martirosyan, Haik M."]
[Black "Tsydypov, Zhamsaran"]
[Result "1-0"]
[WhiteTitle "GM"]
[BlackTitle "IM"]
[WhiteElo "2607"]
[BlackElo "2545"]
[WhiteTeam "Armenia Eagles"]
[BlackTeam "Moscow Wizards"]
[WhiteFideId "13306553"]
[BlackFideId "4108566"]
[EventDate "2019.01.08"]

1. d4 Nf6 2. Nf3 g6 3. c4 Bg7 4. g3 O-O 5. Bg2 d6 6. O-O Nc6 7. Nc3 a6 8. d5 Na7
9. a4 Bd7 10. a5 c6 11. Nd4 cxd5 12. cxd5 Nb5 13. Ncxb5 axb5 14. Bd2 Nxd5 15.
Bxd5 Bxd4 16. Bxb7 Bxb2 17. Rb1 Bg7 18. Bxa8 Qxa8 19. f3 Rc8 20. Rc1 Rc4 21.
Rxc4 bxc4 22. Qc2 d5 23. g4 h5 24. h3 hxg4 25. hxg4 Qc6 26. Rb1 Qc5+ 27. Kg2 c3
28. Rb8+ Kh7 29. Bf4 e5 30. Qc1 exf4 31. Qh1+ Bh6 32. g5 Bc8 33. Qxh6+ Kg8 34.
Qh3 1-0

[Event "PRO League Group Stage"]
[Site "chess.com INT"]
[Date "2019.02.07"]
[Round "5"]
[White "Dobrov, Vladimir"]
[Black "Sargsyan, Shant"]
[Result "0-1"]
[WhiteTitle "GM"]
[BlackTitle "IM"]
[WhiteElo "2478"]
[BlackElo "2486"]
[WhiteTeam "Moscow Wizards"]
[BlackTeam "Armenia Eagles"]
[WhiteFideId "4136594"]
[BlackFideId "13306766"]
[EventDate "2019.01.08"]

1. d4 Nf6 2. c4 e6 3. Nf3 d5 4. g3 Bb4+ 5. Nbd2 dxc4 6. Bg2 b5 7. a4 c6 8. O-O
Bb7 9. Ne1 a6 10. Nc2 Be7 11. e4 O-O 12. e5 Nd5 13. Ne4 Nd7 14. Qh5 f5 15. exf6
N7xf6 16. Qe2 Nxe4 17. Qxe4 Qd6 18. Re1 Rf6 19. Bg5 Rf7 20. Bd2 Raf8 21. f4 Bc8
22. Ne3 Bf6 23. Ng4 c5 24. Ne5 Rc7 25. axb5 axb5 26. Ra5 cxd4 27. Qxd4 Bd7 28.
h4 Rfc8 29. h5 Be8 30. g4 Qf8 31. h6 gxh6 32. Ra6 Be7 33. Bxd5 Bc5 34. Bxe6+ Bf7
35. Qxc5 Qxc5+ 36. Be3 Qb4 37. Ba7 Qxe1+ 38. Kh2 Bxe6 39. Ra1 Qxa1 40. Bb8 Qxb2+
41. Kg3 Bxg4 42. Kh4 Qg2 43. Nxg4 Qxg4+ 44. Kxg4 Rg7+ 45. Kh5 Rxb8 46. f5 c3 47.
f6 Rg5+ 48. Kxh6 Rg6+ 49. Kh5 Rxf6 50. Kh4 Rg6 51. Kh5 b4 52. Kh4 b3 53. Kh5 b2
54. Kh4 c2 55. Kh5 c1=Q 56. Kh4 Qh1# 0-1

[Event "PRO League Group Stage"]
[Site "chess.com INT"]
[Date "2019.02.07"]
[Round "5"]
[White "Dordzhieva, Dinara"]
[Black "Sargsyan, Anna M."]
[Result "1-0"]
[WhiteTitle "WIM"]
[BlackTitle "WFM"]
[WhiteElo "2340"]
[BlackElo "2339"]
[WhiteTeam "Moscow Wizards"]
[BlackTeam "Armenia Eagles"]
[WhiteFideId "24157570"]
[BlackFideId "13308130"]
[EventDate "2019.01.08"]

1. Nf3 d5 2. g3 c6 3. Bg2 Bg4 4. c4 Bxf3 5. Bxf3 e6 6. Bg2 Nd7 7. cxd5 exd5 8.
O-O Ngf6 9. d3 Be7 10. Nc3 O-O 11. Qc2 Nc5 12. e4 Ne6 13. exd5 cxd5 14. Qa4 a6
15. Qb3 Nc5 16. Qd1 Rc8 17. Bg5 d4 18. Bxf6 Bxf6 19. Nd5 b5 20. Rc1 Qd6 21. Qf3
Bg5 22. Rc2 Ne6 23. Re2 Rfd8 24. h4 Bh6 25. Rfe1 Rc5 26. Nb4 a5 27. Nc6 Rc8 28.
Nxa5 Rc1 29. Rxc1 Rxc1+ 30. Kh2 g6 31. Nc6 Bg7 32. a3 h5 33. Nb4 Rc5 34. Nd5 Qd8
35. Qe4 Bh6 36. Nb4 Bg7 37. Nc6 Qd6 38. Nb4 Kh7 39. Nd5 Qd8 40. Qf3 Kg8 41. Nb4
g5 42. hxg5 Qxg5 43. Qa8+ Kh7 44. Qe4+ Kg8 45. Qa8+ Kh7 46. Be4+ Kh6 47. Qg8 Nf8
48. Qxf7 h4 49. Nd5 Qc1 50. b4 hxg3+ 51. fxg3 Rc2 52. Rxc2 Qxc2+ 53. Kh3 Qc8+
54. Bf5 Qc1 55. Be4 Qg5 56. Nf4 Nh7 57. Ne6 Qf6 58. Qxg7+ Qxg7 59. Nxg7 Ng5+ 60.
Kg4 1-0

[Event "PRO League Group Stage"]
[Site "chess.com INT"]
[Date "2019.02.07"]
[Round "5"]
[White "Andreikin, Dmitry"]
[Black "Jobava, Baadur"]
[Result "0-1"]
[WhiteTitle "GM"]
[BlackTitle "GM"]
[WhiteElo "2725"]
[BlackElo "2629"]
[WhiteTeam "Volga Stormbringers"]
[BlackTeam "Tbilisi Gentlemen"]
[WhiteFideId "4158814"]
[BlackFideId "13601520"]
[EventDate "2019.01.08"]

1. d4 Nf6 2. c4 e6 3. Nf3 Bb4+ 4. Bd2 Bxd2+ 5. Qxd2 d5 6. g3 Nbd7 7. Bg2 c6 8.
O-O O-O 9. Ne5 Nxe5 10. dxe5 Nd7 11. f4 b6 12. cxd5 cxd5 13. Na3 Ba6 14. Nc2 Qe7
15. Nd4 Rac8 16. Rfc1 Nb8 17. a4 g6 18. e3 Rc5 19. b4 Rxc1+ 20. Rxc1 Bc4 21. b5
Qa3 22. Qc3 Qxc3 23. Rxc3 Nd7 24. Bf1 Bxf1 25. Kxf1 Nc5 26. a5 Rb8 27. Ke2 Kf8
28. Kd1 h6 29. Kc2 Rb7 30. a6 Rc7 31. Nb3 Ke7 32. e4 dxe4 33. Nxc5 bxc5 34. Rc4
Kd8 35. Rxe4 Rd7 36. Rc4 Kc7 37. Rxc5+ Kb6 38. Rc8 Kxb5 39. Kc3 h5 40. h3 Kxa6
41. g4 hxg4 42. hxg4 Kb7 43. Rf8 a5 44. Kc4 a4 45. Re8 a3 46. Kb3 Kc6 47. Ra8
Rd3+ 48. Ka2 Rf3 49. Ra4 g5 50. fxg5 Kd5 51. Ra7 Kxe5 52. Re7 Kd5 53. Rd7+ Ke4
54. Rd6 Kf4 55. g6 fxg6 56. Rxe6 g5 0-1

[Event "PRO League Group Stage"]
[Site "chess.com INT"]
[Date "2019.02.07"]
[Round "5"]
[White "Frolyanov, Dmitry"]
[Black "Pantsulaia, Levan"]
[Result "1-0"]
[WhiteTitle "GM"]
[BlackTitle "GM"]
[WhiteElo "2517"]
[BlackElo "2597"]
[WhiteTeam "Volga Stormbringers"]
[BlackTeam "Tbilisi Gentlemen"]
[WhiteFideId "4151976"]
[BlackFideId "13602071"]
[EventDate "2019.01.08"]

1. Nf3 c5 2. g3 b6 3. Bg2 Bb7 4. O-O g6 5. d4 cxd4 6. Qxd4 Nf6 7. e4 Bxe4 8. Re1
Nc6 9. Qc3 Rg8 10. Nbd2 Bg7 11. Nxe4 Nxe4 12. Qc4 Nd6 13. Qd3 Nb7 14. Ng5 h6 15.
Ne4 Rc8 16. Bf4 d5 17. Nc3 Nc5 18. Qxd5 Qxd5 19. Nxd5 Bxb2 20. Rab1 Bg7 21. Nc7+
Rxc7 22. Bxc7 Nd4 23. c3 Nde6 24. Bc6+ Kf8 25. Bb8 Bxc3 26. Red1 a5 27. Ba7 Kg7
28. Bxb6 Rc8 29. Bg2 Nd4 30. Kf1 e5 31. Rbc1 Bb4 32. Rc4 Nde6 33. Rd5 Kf6 34. h4
h5 35. Bh3 Rc6 36. Ba7 Rc7 37. Bb8 Na6 38. Bxc7 Naxc7 39. Rd7 Nb5 40. Rc6 Nd4
41. Ra6 Bc3 42. Raa7 e4 43. Rxf7+ Ke5 44. Rfe7 Bb4 45. Re8 1-0

[Event "PRO League Group Stage"]
[Site "chess.com INT"]
[Date "2019.02.07"]
[Round "5"]
[White "Paichadze, Luka"]
[Black "Bryakin, Mikhail"]
[Result "1/2-1/2"]
[WhiteTitle "GM"]
[BlackTitle "FM"]
[WhiteElo "2583"]
[BlackElo "2426"]
[WhiteTeam "Tbilisi Gentlemen"]
[BlackTeam "Volga Stormbringers"]
[WhiteFideId "13602934"]
[BlackFideId "4165314"]
[EventDate "2019.01.08"]

1. e4 c6 2. d4 d5 3. e5 Bf5 4. h4 h5 5. c4 dxc4 6. Bxc4 e6 7. Nc3 Bb4 8. Ne2 Ne7
9. Bg5 Nd7 10. O-O Nb6 11. Bd3 Qd7 12. Ne4 Bxe4 13. Bxe4 Nf5 14. Bxf5 exf5 15.
Nf4 Nd5 16. Nxh5 Kf8 17. Qf3 Be7 18. Nf4 Bxg5 19. hxg5 Nxf4 20. Qxf4 Rd8 21.
Rfd1 Qe6 22. Rac1 Rh5 23. d5 cxd5 24. Rc7 Kg8 25. Rxb7 Qg6 26. Qf3 d4 27. Rb4
Rh4 28. Rc4 Qxg5 29. Rc6 Rf4 30. Qg3 Rg4 31. Qf3 Rf4 32. Qg3 Rg4 33. Qf3 d3 34.
e6 fxe6 35. Rxe6 d2 36. Re5 Rd6 37. Re8+ Kh7 38. Qa8 Kg6 39. Re3 Kh7 40. Re8 Qf6
41. Rh8+ Kg6 42. Qg8 Rdd4 43. Qh7+ Kf7 44. Qg8+ Kg6 45. Qh7+ Kf7 46. Qg8+ Kg6
47. Qh7+ Kf7 48. Qg8+ Kg6 49. Qh7+ Kf7 50. Qg8+ Kg6 1/2-1/2